Business Law: The Ethical, Global, and E-Commerce Environment (Record no. 734)

MARC details
005 - DATE AND TIME OF LATEST TRANSACTION
control field 20250317090005.0
020 ## - INTERNATIONAL STANDARD BOOK NUMBER
International Standard Book Number 978-1-259-25265-5
082 ## - DEWEY DECIMAL CLASSIFICATION NUMBER
Classification number 346.73 MAL
100 ## - MAIN ENTRY--PERSONAL NAME
Author name MALLOR, J. P.
245 ## - TITLE STATEMENT
Title Business Law: The Ethical, Global, and E-Commerce Environment
250 ## - EDITION STATEMENT
Edition statement 16th Ed.
260 ## - PUBLICATION, DISTRIBUTION, ETC.
Place of publication, distribution, etc. New York,
Name of publisher, distributor, etc. McGraw-Hill,
Date of publication, distribution, etc. 2016.
300 ## - PHYSICAL DESCRIPTION
Extent xxxviii, 1476p.: ill.; figure, table.
Other physical details Glossary, Index.
Dimensions 26cm.
700 ## - ADDED ENTRY--PERSONAL NAME
Other authors/Editors BARNES, A. J, LANGVARDT, A. W, PRENKERT, J. D. & McCrory, M. A.
856 ## - ELECTRONIC LOCATION AND ACCESS
Link text Access online book
Electronic name Business Law
Path www.mhhe.com
942 ## - ADDED ENTRY ELEMENTS (KOHA)
Source of classification or shelving scheme Dewey Decimal Classification
Koha item type Books
Holdings
Date last seen Total checkouts Full call number Barcode Cost, replacement price Price effective from Koha item type Lost status Source of classification or shelving scheme Damaged status Not for loan Withdrawn status Home library Current library Shelving location Date acquired Cost, normal purchase price
03/17/2025   346.73 MAL 0000003034 63000.00 03/17/2025 Books   Dewey Decimal Classification       College of Business Education Main Library College of Business Education Main Library General Collection 03/17/2025 21000.00
03/17/2025   346.73 MAL 0000003035 63000.00 03/17/2025 Books   Dewey Decimal Classification       College of Business Education Main Library College of Business Education Main Library General Collection 03/17/2025 21000.00
03/17/2025   346.73 MAL 0000003036 63000.00 03/17/2025 Books   Dewey Decimal Classification       College of Business Education Main Library College of Business Education Main Library General Collection 03/17/2025 21000.00